000 00416nam a2200181Ia 4500
005 20240605011910.0
008 240331s9999 xx 000 0 und d
020 _a0709909381
082 _bGEN
_a346.
245 0 _aGender sex and the law
260 _aAustralia
_bCroom Helm Ltd
_c1985
300 _a222 p .,
650 _aGender
650 _aSex
650 _aLaw
700 _aEdwards, S.
_eedt
942 _cL
999 _c2842
_d2842